Statistics for Central African country high points

Click here to take the quiz!

General Stats

  • This quiz has been taken 17 times
  • The average score is 5 of 9

Answer Stats

Country High point % Correct
CameroonFako Peak
100%
DRCMargherita Peak
100%
AngolaMorro de Moco
83%
Equatorial GuineaPico Basile
67%
Sao Tome and PrincipePico Sao Tome
50%
GabonMont Bengoue
33%
Rep. of CongoMont Nabemba
33%
ZambiaUnnamed location in {Mafinga} Hills
33%
CARNgaoui
17%

Score Distribution

Percentile by Number Answered

Percent of People with Each Score

Your Score History

You have not taken this quiz